00406nam a2200145Ia 4500008004100000020001000041040001700051041001200068082001900080100002300099245002000122260005200142300001100194500005500205230917s9999||||xx |||||||||||||| ||und|| cRS400 e239799aMAIN aEnglish a891.2109 T738B aTripathi, Narander 0aBhartetivrittam aVaranasibChaukhamba Surbharati Prakashanc2014 a256 p. a2699 27/03/2017 HBD17/2551 27/03/2017 Sanskrit SAP